European metros in order by country Quiz Stats

 Plays Quiz not verified by Sporcle

Challenge
Share
Tweet
Embed
Score 0/66 Timer 12:00
0 Plays Today
% Correct
Vienna
97.8%
Athens
97.5%
Dublin
97.4%
Copenhagen
96.7%
Prague
96.6%
Istanbul
96.2%
Brussels
96%
Budapest
95.9%
Stockholm
95.9%
Paris
95.7%
Helsinki
95.6%
Lisbon
95.5%
Madrid
94.8%
Amsterdam
94.5%
Rome
94.4%
Barcelona
94.2%
London
94.1%
Sofia
93.7%
Minsk
93.6%
Milan
93.2%
Kiev
92.7%
Bucharest
92.6%
Zurich
91.9%
Warsaw
91.2%
Marseille
88.6%
Belgrade
88.3%
Rotterdam
88.1%
Manchester
88%
Lyon
87%
Birmingham
86.6%
Naples
86.3%
Porto
84.6%
Berlin
84.6%
% Correct
Munich
80.3%
Moscow
80%
Turin
79.8%
Valencia
79%
Hamburg
78.3%
Saint Petersburg
77.4%
Glasgow
76.1%
Seville
76%
Leeds
73.7%
Liverpool
72.8%
The Ruhr
71.1%
Frankfurt
67.4%
Cologne
59.1%
Stuttgart
59%
Lille
56.8%
Odessa
56.3%
Donetsk
54.7%
Katowice
54.4%
Sheffield
51.3%
Newcastle upon Tyne
49.5%
Kharkiv
48%
Nizhny Novgorod
44%
Dusseldorf
41.2%
Dnipropetrovsk
37.1%
Volgograd
31.1%
Nuremberg
30.6%
Kazan
30.4%
Samara
30.4%
Rostov-on-Don
29.4%
Mannheim
26.9%
Ufa
25.8%
Perm
24.2%
Saratov
14.2%

You're not logged in!

Compare scores with friends on all Sporcle quizzes.
OR
Log In

You Might Also Like...

Show Comments

Extras

Top Quizzes Today


Score Distribution

Your Account Isn't Verified!

In order to create a playlist on Sporcle, you need to verify the email address you used during registration. Go to your Sporcle Settings to finish the process.

Report this User

Report this user for behavior that violates our Community Guidelines.

Details: